[Event "FIDE Online Steinitz Memorial Open"]
[Site "Internet"]
[Date "2020.05.17"]
[Round "14"]
[White "Anton Guijarro, David"]
[Black "Carlsen, Magnus"]
[Result "1/2-1/2"]
[WhiteElo "2590"]
[BlackElo "2887"]
[Annotator "TA"]
[PlyCount "95"]
[EventDate "2020.05.15"]
[EventType "tourn"]
[SourceTitle "playchess.com"]
[Source "ChessBase"]
[SourceQuality "1"]

{[%evp 16,95,15,3,21,14,22,12,33,22,37,19,19,21,14,18,17,15,17,17,13,10,11,10,50,22,33,24,18,0,74,57,57,56,56,61,72,1,0,2,1,-42,0,0,0,-36,0,0,73,59,69,67,77,66,74,53,57,54,47,56,62,39,47,48,61,0,20,0,0,0,0,0,0,0,0,0,0,0,0,0,0,0]} 1. Nf3 d5 2. b3 Bf5 3. Bb2 e6 4. g3 Nf6 5. Bg2 h6 6. d3 Be7 7. O-O O-O 8. Nbd2 a5 9. a4 Na6 {[%cal Bb8a6,Ba6b4,Bb4c2][%mdl 32] A07: Réti Opening: New York and Capablanca Systems.} 10. Re1 Bh7 11. e4 {[#]} dxe4 $146 ({Predecessor:} 11... c6 12. e5 Nd7 13. Nd4 Nb4 14. f4 Qb6 15. Kh1 Bxd3 16. cxd3 Nxd3 17. Qc2 Nxe1 18. Rxe1 {1-0 (35) Camacho Collados,J (2419)-Greet,A (2425) Daventry 2020}) 12. dxe4 Nb4 13. Nd4 Bc5 14. Nc4 Bxd4 15. Bxd4 Nxc2 $1 16. Bxf6 Qxd1 17. Rexd1 {[#] Black must now prevent Rac1.} gxf6 18. Rac1 Nb4 19. Rd7 Rfc8 20. Bf3 {[%mdl 1024] White has compensation.} Bg6 21. e5 Nd3 {[%mdl 64] Double Attack} 22. Rc3 Nc5 {[#]} (22... Nxe5 $11 {keeps the balance.} 23. Nxe5 fxe5) 23. Re7 $1 $16 Kg7 24. Nd2 Rd8 25. Rxc5 {And now Nc4 would win.} Rxd2 26. exf6+ ({Of course not} 26. Bxb7 Ra7 $15) (26. Rcxc7 $16 {Rxe6 is the strong threat.} fxe5 27. Rxe6 (27. Bxb7 Ra7 $15)) 26... Kxf6 $11 27. Rexc7 Rd3 $132 {[%mdl 2048] Black has counterplay} 28. Bxb7 Rb8 29. Bc6 ({Wrong is} 29. Rxa5 $2 Rd1+ 30. Kg2 Rxb7 $19) 29... Rbxb3 30. Kg2 ({Avoid the trap} 30. Rxa5 $2 Rbc3 $19) 30... Rdc3 (30... Rb2 {keeps more tension.} 31. Rc4 Kg7 32. Rb7 Re2 33. Rd7 Rb3) 31. Ba8 Rxc5 (31... Rd3 $1 $11) 32. Rxc5 {[%mdl 4096] Endgame KRB-KRB} Rb8 33. Bf3 e5 34. Rxa5 e4 35. Bg4 Rb2 36. Kf1 $1 e3 37. fxe3 Rxh2 38. Rc5 Ra2 39. a5 Be4 40. Be2 (40. Bd1 $14) 40... Ra3 {The position is equal.} 41. Kf2 Ra2 {Strongly threatening ...Bd3.} 42. Ke1 Ra1+ 43. Kd2 {Hoping for Bc4.} Ra2+ 44. Kd1 Ra1+ 45. Kd2 Ra2+ 46. Ke1 Ra1+ 47. Kf2 Ra2 {Threatens to win with ...Bd3.} 48. Ke1 {Accuracy: White = 81%, Black = 84%.} 1/2-1/2

[Event "FIDE Online Steinitz Memorial Open"]
[Site "Internet"]
[Date "2020.05.17"]
[Round "15"]
[White "Carlsen, Magnus"]
[Black "Grischuk, Alexander"]
[Result "1-0"]
[WhiteElo "2887"]
[BlackElo "2765"]
[Annotator "TA"]
[PlyCount "93"]
[EventDate "2020.05.15"]
[EventType "tourn"]
[SourceTitle "playchess.com"]
[Source "ChessBase"]
[SourceQuality "1"]

{[%evp 12,93,18,16,26,19,13,14,21,-22,-20,-27,12,-8,0,1,0,14,1,1,29,21,47,25,43,42,56,36,55,35,50,35,128,141,331,327,410,403,519,551,510,302,404,412,551,543,551,583,679,631,606,658,653,620,650,658,658,662,643,621,868,864,927,928,979,965,964,935,827,827,804,800,797,797,766,729,922,910,918,902,998,945,29998,29999]} 1. e4 c5 2. Nf3 d6 3. Bb5+ Nd7 4. c3 Ngf6 5. Qe2 a6 6. Ba4 b5 7. Bc2 Bb7 {B51: Sicilian: Moscow Variation (3 Bb5+) without 3...Bd7.} 8. O-O g6 9. d4 Bg7 {[#] The position is equal.} 10. b3 $1 $146 {[%mdl 8] A relevant novelty.} ({Predecessor:} 10. e5 dxe5 11. dxe5 Bxf3 12. gxf3 Nd5 13. e6 N7f6 14. c4 bxc4 15. exf7+ Kxf7 16. Nd2 {0-1 (31) Mamedov,R (2701)-Nepomniachtchi,I (2771) Astana 2019}) 10... O-O 11. Bb2 e5 12. d5 Nh5 13. g3 Nb6 14. a4 {[%cal Ba2a4,Ba4a5][%mdl 32]} f5 15. c4 bxc4 16. bxc4 f4 17. a5 Nd7 18. g4 $1 {[%cal Rg4h5]} Nhf6 19. g5 Nh5 20. Kh1 Rf7 21. Nbd2 h6 (21... Bc8 $14) 22. Rg1 $36 {[%mdl 2048] White is in control.} Nf8 $2 {This move loses the game for Black.} (22... hxg5 $16 {was necessary.} 23. Nxg5 Rf6) 23. gxh6 $18 Bxh6 24. Nxe5 {[%mdl 64] [#] Double Attack} f3 25. Nxf7 fxe2 26. Nxd8 Rxd8 27. Nf3 Bc8 28. Rae1 Nf4 29. Bc1 Kf7 30. Ng5+ Bxg5 31. Rxg5 Nh3 32. Rg3 Nxf2+ 33. Kg2 Ng4 34. Bb2 Re8 35. Rxe2 Ne5 36. Rf2+ Kg7 37. Rgf3 Nfd7 38. Ba4 Kh6 39. Rh3+ Kg7 40. Bxd7 Bxd7 41. Rhf3 Kh6 42. Bxe5 Rxe5 43. Rf4 Ba4 44. Rb2 Kh5 45. Rb8 {[#] Black must now prevent Rh8+.} g5 46. Rf6 {Threatening mate with Rh8+.} Rxe4 47. Rh8+ {Accuracy: White = 91%, Black = 48%.} 1-0

[Event "FIDE Online Steinitz Memorial Open"]
[Site "Internet"]
[Date "2020.05.17"]
[Round "15"]
[White "Svidler, Peter"]
[Black "Anton Guijarro, David"]
[Result "0-1"]
[WhiteElo "2754"]
[BlackElo "2590"]
[Annotator "TA"]
[PlyCount "92"]
[EventDate "2020.05.15"]
[EventType "tourn"]
[SourceTitle "playchess.com"]
[Source "ChessBase"]
[SourceQuality "1"]

{[%evp 9,92,16,31,32,30,19,11,10,7,15,11,3,12,0,8,10,9,-29,0,-8,-8,-10,22,15,38,0,0,-2,-8,-40,8,-54,-53,-125,-128,-129,-142,-138,-14,-13,-13,-29,-28,-33,-23,-60,-57,-60,-16,-16,-22,-19,-19,-16,0,1,0,0,0,0,0,4,10,-150,0,0,0,0,0,-73,-73,-739,-621,-674,-592,-1092,-1034,-1238,-1145,-29972,-5716,-29988,-29989,-29989,-29990]} 1. Nf3 d5 2. c4 dxc4 3. Na3 Nf6 4. Nxc4 e6 5. g3 b6 6. Bg2 {A09: Réti Opening: 1 Nf3 d5 2 c4.} Bb7 7. O-O Be7 8. b3 {The position is equal.} O-O 9. Bb2 c5 {[#]} 10. e3 $146 ({Predecessor:} 10. d4 cxd4 11. Nxd4 Bxg2 12. Kxg2 Qd5+ 13. f3 Rd8 14. e4 Qb7 15. Qe2 Nc6 16. Nxc6 Qxc6 17. Ne5 Qb7 18. Rac1 Rac8 19. Rfd1 Rxd1 20. Rxd1 {½-½ (38) Kostenko,P (2455)-Adly,A (2684) Pavlodar 2015}) 10... Nc6 11. Qe2 Qc7 12. Rac1 Rac8 13. Ng5 h6 14. Ne4 Nxe4 15. Bxe4 f5 16. Bg2 Bf6 17. Bxf6 (17. d4 $5) 17... Rxf6 18. d4 cxd4 19. Rfd1 Rd8 20. Na3 (20. f4 $11 dxe3 21. Ne5) 20... e5 $1 $15 21. exd4 (21. Nc2 $15) 21... Nxd4 $17 22. Qc4+ Qxc4 23. Nxc4 Ne2+ ({Black should play} 23... e4 $17 24. Kh1 Rf7) 24. Kf1 $11 Bxg2+ 25. Kxg2 Rxd1 26. Rxd1 {[%mdl 4096] Endgame KRN-KRN} e4 27. Rd8+ Rf8 28. Rd7 Rf7 29. Rd8+ Kh7 30. Nd6 Rf6 31. Rd7 f4 32. Nxe4 f3+ 33. Kh3 Re6 34. Nd2 Ng1+ 35. Kg4 Re2 36. Nxf3 $2 {[#]} ({Better is} 36. Kf5 $11) 36... Nxf3 (36... h5+ $1 $17 37. Kf4 Rxf2) 37. Kxf3 Rxa2 {KR-KR} 38. h4 Ra3 39. Kg4 (39. Ke2 $11 {remains equal.}) 39... a5 $17 {[%cal Ba7a5,Ba5a4,Ba4a3,Ba3a2][%mdl 32]} 40. Rd3 $2 {[%mdl 8192] This costs White the game.} (40. f4 $17) 40... b5 41. Rd7 Rxb3 42. Rb7 a4 {[#] And now ...a3 would win.} 43. f4 a3 44. Kf5 b4 (44... Rb4 $142 45. Ra7 Ra4 46. Rc7 a2 47. Re7 a1=Q 48. Re8 Qf6+ 49. Kg4 Qg6+ {[%mdl 64] Double Attack} 50. Kf3 Qxe8 51. g4 Ra3+ 52. Kf2 Ra2+ 53. Kf3 Qe2+ 54. Kg3 Qg2#) 45. g4 a2 46. g5 hxg5 {Accuracy: White = 45%, Black = 74%.} 0-1

[Event "FIDE Online Steinitz Memorial Open"]
[Site "Internet"]
[Date "2020.05.17"]
[Round "15"]
[White "Dubov, Daniil"]
[Black "Bu, Xiangzhi"]
[Result "0-1"]
[WhiteElo "2720"]
[BlackElo "2760"]
[Annotator "TA"]
[PlyCount "90"]
[EventDate "2020.05.15"]
[EventType "tourn"]
[SourceTitle "playchess.com"]
[Source "ChessBase"]
[SourceQuality "1"]

{[%evp 9,90,-18,-22,-52,-37,-29,-37,-34,-33,-72,-56,-46,8,21,21,20,30,-34,-34,-306,-306,-309,-254,-258,-256,-263,-255,-254,-215,-357,-347,-402,-323,-421,-406,-406,-412,-485,-482,-622,-614,-583,-500,-752,-613,-764,-445,-449,-443,-432,-427,-911,-906,-904,-911,-1033,-1046,-1383,-1327,-5968,-5956,-4686,-1597,-1666,-915,-883,-878,-863,-860,-1154,-1146,-1012,-964,-2066,-2032,-1747,-1428,-12363,-8565,-6902,-6444,-6137,-6106]} 1. d4 Nf6 2. c4 e6 3. Nf3 d5 4. Bg5 Bb4+ 5. Nbd2 dxc4 6. Qa4+ {D30: Queen's Gambit Declined: Systems without Nc3.} Nc6 7. e3 Qd5 {And now ...Bxd2+ would win.} 8. Bxf6 $1 {Black is slightly better.} gxf6 9. a3 b5 10. Qc2 {[#]} Be7 $146 (10... Ba5 $15) ({Predecessor:} 10... Ba5 11. O-O-O Ke7 12. Rg1 Bb6 13. g4 Bb7 14. Bg2 Qd7 15. Ne4 Na5 16. g5 Nb3+ {1-0 (28) Sorensen,H (2319)-Kvaloy,A (2138) Stockholm 2019}) 11. b3 $11 cxb3 12. Nxb3 f5 13. Bd3 (13. Be2 $11) 13... Bb7 $1 $36 {[%mdl 2048] Black has good play.} 14. e4 $2 {[%mdl 8192] Now White is beyond hope.} ({Better is} 14. Nbd2 $15) 14... fxe4 $19 15. Bxe4 {[#]} Nxd4 $1 {[%mdl 512]} 16. Nbxd4 Qxe4+ 17. Qxe4 Bxe4 18. Nxb5 O-O 19. O-O (19. Ne5 {was worth a try.}) 19... Bd3 20. Nxc7 Rac8 21. Rfc1 Bf6 22. Ra2 Rfd8 23. h4 Bf5 {Black is clearly winning.} 24. Rc4 Rd1+ 25. Kh2 Be7 26. g4 (26. Rd4 $142 Rxd4 27. Nxd4 Rxc7 28. Nxf5 exf5 29. g3) 26... Bd3 27. Rc6 {intending Nd5!} Be4 28. Nd5 {[#]} Bd6+ $1 {[%mdl 512]} 29. Rxd6 Bxd5 ({Don't play} 29... Rxd5 30. Ng5 $19) 30. Ne5 (30. Ng1 $142 Rcc1 31. Rxd5 Rxd5 32. f3) 30... Rh1+ 31. Kg3 Bxa2 32. Nd7 Kg7 33. g5 Rc3+ 34. f3 Bd5 35. Ne5 Re3 36. Kf4 Rxe5 37. Kxe5 Rxh4 {[%mdl 4096] Endgame KRB-KR} 38. f4 Rh3 39. f5 Re3+ 40. Kd4 Rxa3 41. Rd8 Rf3 42. f6+ Kg6 43. Ke5 Rf5+ 44. Kd6 Kxg5 45. Ke7 Rxf6 {Accuracy: White = 27%, Black = 84%.} 0-1

[Event "FIDE Online Steinitz Memorial Open"]
[Site "Internet"]
[Date "2020.05.17"]
[Round "15"]
[White "Mamedyarov, Shakhriyar"]
[Black "Xiong, Jeffery"]
[Result "1/2-1/2"]
[WhiteElo "2716"]
[BlackElo "2724"]
[Annotator "TA"]
[PlyCount "158"]
[EventDate "2020.05.15"]
[EventType "tourn"]
[SourceTitle "playchess.com"]
[Source "ChessBase"]
[SourceQuality "1"]

{[%evp 12,158,18,9,29,35,30,29,17,23,19,30,37,22,25,-1,-3,-31,0,0,0,0,30,30,36,29,28,29,31,23,47,52,38,27,49,0,0,-3,0,0,0,0,139,117,116,114,113,1,127,110,121,95,103,99,99,104,106,104,108,116,124,131,161,23,26,0,0,0,0,0,0,0,40,8,8,8,61,8,19,0,0,-8,-8,-8,-68,-1590,52,0,0,0,0,0,0,0,0,0,0,0,0,-79,-101,-1278,-530,-483,-8,-8,-8,-8,-8,-8,-8,-8,0,0,0,0,0,0,0,0,0,0,0,0,0,0,0,0,0,0,0,0,0,0,0,0,0,0,0,0,0,0,0,0,0,0,0,0,0]} 1. d4 Nf6 2. c4 e6 3. Nc3 Bb4 4. Qc2 O-O 5. a3 Bxc3+ 6. Qxc3 d6 {6...d5 gains popularity.} 7. f3 c5 {E32: Nimzo-Indian: Classical (4 Qc2): 4...0-0.} 8. dxc5 dxc5 9. Bf4 Nc6 {White has an edge.} 10. Rd1 Qb6 11. e3 Re8 {[#]} 12. Bg5 $146 ({Predecessor:} 12. Bd3 e5 13. Bg5 Nd4 14. Kf2 e4 15. Bb1 exf3 16. gxf3 Nf5 17. Bxf5 Bxf5 18. Bxf6 Qxf6 19. Qxf6 gxf6 {1-0 (57) Maletin,P (2617)-Tomashevsky,E (2708) Irkutsk 2010}) 12... Nd7 13. Bd3 Nde5 14. Be2 Ng6 15. h4 h6 16. h5 Nf8 (16... Nge7 {keeps more tension.} 17. Bh4 Nf5 18. Bf2 Qc7 19. Bd3 e5) 17. Bh4 e5 18. Nh3 Bf5 19. Nf2 Bh7 20. O-O Ne7 {With the idea ...Nf5.} 21. Bxe7 Rxe7 22. Rd5 Nd7 23. Bd3 Bxd3 24. Nxd3 e4 25. fxe4 Nf6 26. e5 $36 {[%mdl 2048] White has some pressure.} Nxh5 (26... Nxd5 $11 27. cxd5 c4 28. Qxc4 Qxe3+ 29. Rf2 Rd7) 27. Rf3 {aiming for Qe1.} ({Reject} 27. Nxc5 $6 Ng3 $14) 27... Rae8 28. Nxc5 Qg6 29. Kf2 (29. Qd3 $16 {Qxg6 is the strong threat.} Qxd3 30. Nxd3) 29... f6 (29... Qg5 $11) 30. e6 $16 f5 31. Qe5 ({Much weaker is} 31. Rfxf5 $6 Nf6 $11) 31... Nf6 {[#] White must now prevent ...Ng4+.} 32. Qxf5 Qxf5 33. Rfxf5 b6 34. Nd7 Ne4+ 35. Ke1 Rxe6 36. Rde5 Nd6 {[#]} 37. Rxe6 (37. Rf8+ $1 $18 {[%mdl 512]} Kh7 (37... Rxf8 38. Rxe6) 38. Rxe8 Rxe8 39. Rxe8 Nxe8 40. Ne5) 37... Rxe6 $18 {[%mdl 4096] Endgame KRN-KRN} 38. Re5 (38. Rf8+ {is interesting.} Kh7 39. Rf3 Re7 40. Nf8+ Kg8 41. Ng6) 38... Kf7 39. b3 Ke7 40. Rxe6+ Kxe6 $11 {KN-KN} 41. Nb8 Nf5 42. Ke2 Kd6 43. Na6 g5 (43... Ng3+ $11 44. Kd3 g5) 44. Nb4 (44. Kf3 $1 $14) 44... g4 45. Nc2 Ng3+ 46. Kd3 h5 47. Nd4 h4 48. Ne2 $2 {[%mdl 8192]} (48. b4 $15) 48... Nh1 $2 ({Black should try} 48... Nxe2 $19 49. Kxe2 Kc5) 49. Nf4 (49. Nc3 $1 $14) 49... Nf2+ 50. Ke2 $1 {[%cal Re2f2]} Ne4 51. b4 a5 52. Kd3 Nf2+ 53. Ke2 Ne4 54. Kd3 Nf2+ 55. Kd4 (55. Ke2 $11 {remains equal.} Ne4) 55... h3 $17 56. c5+ $2 {[%mdl 8192]} (56. gxh3 $17 gxh3 57. Ne2) 56... Kc6 (56... bxc5+ $142 57. bxc5+ Kc6 58. gxh3 gxh3) 57. gxh3 $19 axb4 $2 (57... gxh3 $19 58. Nxh3 bxc5+ 59. Kc4 Nxh3 60. bxa5 Nf2) 58. axb4 $11 {Strongly threatening h4.The position is equal.} gxh3 59. Ne2 h2 60. Ng3 b5 61. e4 h1=Q 62. Nxh1 Nxh1 {KN-K3P} 63. e5 Ng3 64. e6 Nh5 65. Ke5 Kc7 66. Kf5 Kd8 67. Kg6 {White wants to mate with Kf7.} Nf4+ 68. Kf7 {e7+ would kill now.} Nd5 69. c6 Kc7 70. e7 Nxe7 $1 71. Kxe7 Kxc6 {( -> ...Kd5). KP-KP} 72. Ke6 Kc7 73. Kd5 Kd7 74. Kc5 Kc7 75. Kxb5 Kb7 76. Kc5 {Intending Kb5 and mate.} Kc7 77. b5 Kb7 78. b6 Kb8 79. b7 Kxb7 {Accuracy: White = 74%, Black = 76%.} 1/2-1/2

[Event "FIDE Online Steinitz Memorial Open"]
[Site "Internet"]
[Date "2020.05.17"]
[Round "15"]
[White "Le, Quang Liem"]
[Black "Korobov, Anton"]
[Result "1/2-1/2"]
[WhiteElo "2690"]
[BlackElo "2667"]
[Annotator "TA"]
[PlyCount "155"]
[EventDate "2020.05.15"]
[EventType "tourn"]
[SourceTitle "playchess.com"]
[Source "ChessBase"]
[SourceQuality "1"]

{[%evp 18,155,27,19,22,12,24,11,21,14,13,13,15,16,13,15,18,12,22,8,18,0,13,7,0,-12,-7,-1,-11,-37,-8,-51,22,-2,0,-12,0,-5,12,12,11,0,16,0,7,0,0,-56,-42,-99,-92,-153,-156,-160,-135,-189,-200,-197,-179,-182,-182,-360,-18,-25,-18,-29,-22,-22,-22,-278,-22,-22,-22,-22,0,0,0,0,0,0,0,0,0,-100,-8,-8,-8,-8,-8,-8,-8,-8,-3,-3,0,-4,-4,-40,-40,-40,-40,-40,-33,-45,-8,-8,-8,-8,-8,-8,0,-14,-8,-8,-8,-8,-8,-8,-8,-117,-8,-8,-8,-8,-8,-8,-8,-8,0,0,0,0,0,0,0,0,0,0,0,0]} 1. Nf3 d5 2. d4 Nf6 3. c4 c6 4. g3 g6 5. b3 Bg7 6. Bb2 O-O 7. Nbd2 Bf5 8. Bg2 Ne4 9. O-O Qa5 10. a3 Nd7 {D78: Fianchetto Grünfeld: 6 0-0 c6.} 11. Rc1 {[#]} Rac8 $146 ({Predecessor:} 11... Rfc8 12. e3 Ndf6 13. h3 Nxd2 14. Nxd2 Ne4 15. b4 Qd8 16. Nxe4 Bxe4 17. Bxe4 dxe4 18. Qc2 {½-½ (43) Nepomniachtchi,I (2714)-Dominguez Perez,L (2726) Beijing 2014}) 12. b4 Qd8 13. e3 Nxd2 14. Nxd2 Bd3 15. Re1 $1 Nb6 {[%cal Rb6c4]} 16. c5 Nc4 17. Nxc4 Bxc4 18. a4 Re8 19. f4 Qd7 20. Qd2 b6 21. Bf1 Bxf1 22. Rxf1 Rb8 23. Ba3 h5 24. Rc2 b5 (24... bxc5 $15 25. Rxc5 Bf8) 25. Ra2 a6 26. Bb2 Qf5 27. Bc3 Bf6 28. Qc2 Qe6 29. Qe2 Qe4 30. Kf2 Kg7 31. Qc2 Qe6 32. Qd3 (32. Qe2 $11) 32... h4 $1 $15 33. Kg2 (33. Ke1 $15) 33... hxg3 $17 34. hxg3 (34. f5 $142 gxf5 35. h3) 34... Rh8 35. f5 Qd7 $1 36. e4 (36. axb5 $17 axb5 37. Rf3) 36... dxe4 $19 37. Qxe4 Rh5 $1 {[%cal Rg6f5]} 38. axb5 axb5 {[%cal Rg6f5]} 39. Ra6 $2 (39. g4 Rh4 40. Kg1) 39... Rc8 $2 (39... Rbh8 $19 40. Rf2 Rh1) 40. g4 $11 Rg5 41. Bd2 gxf5 42. Rxf5 Rxf5 43. Qxf5 $4 {[%mdl 8192]} (43. gxf5 $11 {and White stays safe.} Qxd4 44. Qxd4 Bxd4 45. Kf3) 43... Qxf5 $2 (43... Qxd4 $19 44. Be1 Qb2+ 45. Qf2 Qc1) 44. gxf5 Bxd4 {[%mdl 4096] Endgame KRB-KRB} 45. Kf3 e6 46. Ke4 Bb2 47. fxe6 fxe6 48. Ra7+ Kg6 49. Ra2 Bf6 50. Bf4 {[#]} (50. Ra6 $11 {remains equal.}) 50... Rd8 (50... Rh8 $1 $17 {And now ...Rh4 would win.} 51. Be3 Rh4+ 52. Kd3 e5) 51. Bd6 Rh8 {Threatening ...Rh4+.} 52. Ra6 Rh4+ 53. Kf3 Rxb4 {Black wants to play ...Kf5.} 54. Rxc6 Rc4 55. Rb6 b4 56. c6 {[#] Hoping for c7.} b3 $1 {[%mdl 512]} 57. Rxb3 {Strongly threatening c7.} Rxc6 58. Bf4 Kf5 59. Be3 e5 60. Ra3 e4+ (60... Rc2 {seems wilder.} 61. Ra5 Rb2 62. Bc1 Rb3+ 63. Ke2 Rb4) 61. Ke2 Rc2+ 62. Kd1 Rg2 63. Ra4 Be5 64. Rc4 Bf4 65. Bxf4 Kxf4 {KR-KR} 66. Rc3 Rf2 67. Ke1 Rf3 68. Rc8 {[#]} (68. Rc2 $1 $11) 68... Ra3 ({Better is} 68... Rh3 $1 $17 69. Ke2 Rh2+ 70. Kd1 Kf3 71. Rf8+ Ke3) 69. Rc2 {The position is equal.} Ra1+ 70. Ke2 Rh1 {( -> ...Rh2+)} 71. Rc3 Rh2+ 72. Ke1 e3 {White must now prevent ...Kf3.} 73. Rc8 Kf3 {[%cal Rh2h1]} 74. Rf8+ Ke4 75. Re8+ Kf3 {[%cal Rh2h1]} 76. Rf8+ Ke4 77. Re8+ Kf3 {[%cal Rh2h1]} 78. Rf8+ {Whites escaped into a draw. Accuracy: White = 77%, Black = 79%.} 1/2-1/2

[Event "FIDE Online Steinitz Memorial Open"]
[Site "Internet"]
[Date "2020.05.17"]
[Round "16"]
[White "Grischuk, Alexander"]
[Black "Svidler, Peter"]
[Result "1/2-1/2"]
[WhiteElo "2765"]
[BlackElo "2754"]
[Annotator "TA"]
[PlyCount "243"]
[EventDate "2020.05.15"]
[EventType "tourn"]
[SourceTitle "playchess.com"]
[Source "ChessBase"]
[SourceQuality "1"]

{[%evp 16,243,39,36,34,28,41,25,47,27,80,30,61,57,63,29,62,30,61,53,73,22,23,16,29,60,46,35,58,48,78,90,93,54,66,63,61,39,55,16,100,80,212,222,289,228,266,192,227,160,160,164,154,79,87,83,315,169,446,237,975,757,29984,75,558,169,141,32,59,8,8,8,649,145,118,122,347,349,534,529,1377,0,0,0,0,0,0,0,0,0,0,0,24,24,24,0,0,0,0,-4,0,0,0,-4,0,0,0,0,0,0,0,0,8,8,8,8,8,8,8,8,8,8,14,22,22,22,22,29,37,8,8,8,8,8,8,8,45,45,45,45,45,52,52,8,8,8,48,8,8,8,8,0,8,0,8,0,8,8,8,8,8,8,8,0,0,0,0,0,0,0,0,0,0,0,0,0,0,0,0,0,0,0,0,0,0,0,0,0,0,0,0,0,8,0,0,0,8,0,0,0,0,0,0,0,0,0,0,0,0,0,0,0,0,0,0,0,0,0,0,0,0,0,0,0,0,0,0,0,0,0]} 1. e4 c5 2. Nf3 e6 3. d4 cxd4 4. Nxd4 a6 5. Bd3 Bc5 6. Nb3 Ba7 7. Qe2 Nc6 8. Be3 Nge7 9. O-O {Recently 9.N1d2 got a lot of attention.} O-O {B42: Sicilian: Kan Variation: 5 Bd3.} 10. Bxa7 Rxa7 11. c4 b6 {White has an edge.} 12. Nc3 d6 (12... e5 $11) 13. Rfd1 {[#]} Qc7 $146 ({Predecessor:} 13... Rd7 14. Rac1 Bb7 15. c5 bxc5 16. Bxa6 Bxa6 17. Qxa6 Qb8 18. Qe2 Rb7 19. Rd2 Rxb3 20. axb3 {0-1 (55) Rahal,M (2310)-Vehi Bach,V (2420) San Sebastian 1994}) 14. Qe3 Qb8 15. Rac1 Rd8 16. Be2 Rc7 17. a3 h6 18. h3 (18. f4 $16) 18... Ne5 19. Nd2 N5g6 20. b4 Bd7 21. Nb3 Be8 22. f4 Kh8 23. g3 Ng8 24. Rd2 Nf6 25. Rcd1 Rcc8 26. Nd4 Ne7 27. Nf3 Nc6 (27... b5 $11) 28. g4 e5 (28... Kg8 $16) 29. f5 $18 Nh7 30. h4 f6 31. Kh1 Bf7 32. g5 {aiming for g6.} Nd4 {and if ...Nxf3 works, Black does fine.} 33. gxh6 Nxe2 34. Nxe2 (34. hxg7+ $142 Kxg7 35. Rxe2 (35. Nxe2 Rxc4 36. Nc3 Kh8 $16) 35... Rxc4 36. Rg1+ Kh8 37. Rh2 (37. Qh6 Rg8 $16)) 34... Rxc4 $16 35. hxg7+ Kg8 $2 (35... Kxg7 $16 36. Nc3 (36. Rg1+ Kh8 $16) 36... Kh8) 36. Ng3 $40 {[%mdl 128] White attacks with force.} (36. Rg1 $142 d5 37. Nh2 Rxe4 38. Qh3 (38. Ng4 Rxg4 39. Rxg4 d4 $16)) 36... d5 $2 (36... Kxg7 {might work better.} 37. Rg2 Kh8) 37. Nh2 (37. Qh6 $142 Rd6 38. Nh2) 37... Rdc8 $2 (37... Kxg7 38. Ng4 Rd6) 38. Ng4 $18 Rc3 39. Qf2 $2 (39. Rg2 {mates} Kxg7 40. Qh6+ Kh8 41. Nxf6 Bg6 42. fxg6 {[%mdl 64] Pin} Qa7 43. Nf5 Rh3+ 44. Kg1 $1 {[%mdl 512]}) 39... Qb7 $2 {[%mdl 8192]} (39... Kxg7 $16 {is more resistant.} 40. Qg2 Rh8) 40. Rg1 $2 (40. Qg2 {Intending Nh5! and mate.} Kxg7 41. Nxe5 $1 {[%mdl 512]}) 40... Kxg7 {[#]} 41. Kh2 ({White should try} 41. Qg2 $1 $16 Kf8 42. Nh6 (42. exd5 R8c4 $11)) 41... Kh8 42. exd5 (42. Ne2 $14 Rc2 43. Rxc2 Rxc2 44. Nh6 (44. Ne3 Rc8 $14)) 42... Bxd5 $11 {...R8c4 is the strong threat.} 43. Nh5 Be4 $2 {[%mdl 8192]} (43... Rxa3 $11 44. Ne3 (44. Ngxf6 Nxf6 45. Nxf6 Rcc3 $17) 44... Bg8) 44. Nhxf6 $2 (44. Ngxf6 $18 {is the precise move to win. And now Rg6 would win.} a5 45. bxa5 (45. Rd7 Rc2 $16) 45... bxa5 46. Nxh7 (46. Rd7 Rc2 $16)) 44... Rc2 $16 {Strongly threatening ...Rxd2.} 45. Rgd1 {Threatens to win with Rxc2.} Nxf6 $2 (45... Qg7 $16 {was necessary.} 46. Nxe4 Rxd2 47. Nxd2 (47. Rxd2 Qxg4 48. Re2 Rd8 $11) 47... Qxg4) 46. Nxf6 $18 Bd3 {[#]} (46... Qc6 $142 47. Ng4 Rf8 48. Nxe5 Qf6) 47. Qe3 $1 {White threatens Qh6+ and mate.} Qg7 48. Qg5 $2 ({White must play} 48. Nh5 $18 Qf8 49. Qxd3 {[%mdl 64] Double Attack} Rxd2+ 50. Rxd2) 48... Qxg5 $11 49. hxg5 Bxf5 50. Rxc2 Rxc2+ {[%mdl 4096] Endgame KRB-KRN} 51. Kg3 Rc3+ 52. Kf2 Kg7 53. Rd6 Rxa3 54. Nh5+ Kh7 55. Rxb6 (55. Rh6+ {looks sharper.} Kg8 56. g6 Rh3 57. g7 Rh2+ 58. Kg1) 55... a5 56. b5 Rb3 57. Nf6+ Kg7 58. Nh5+ Kh7 59. Nf6+ Kg7 60. Ne8+ Kg8 61. Nd6 Bd3 62. Ra6 Bxb5 63. Rxa5 Bd7 64. Ra8+ Kg7 65. Ra7 Kg6 66. Rxd7 Kxg5 {KRN-KR} 67. Ne4+ Kf4 68. Nd2 Rb2 69. Rf7+ Kg4 70. Ke3 Ra2 71. Nc4 Kg5 72. Nxe5 Ra3+ 73. Ke4 Ra4+ 74. Kd5 Ra5+ 75. Kd4 Ra4+ 76. Nc4 Kg4 77. Rf8 Kg5 78. Kd5 Kg4 79. Ne3+ Kg3 80. Ke5 Ra5+ 81. Nd5 Kg4 {The position is equal.} 82. Rf4+ Kg3 83. Rb4 Kf3 84. Rd4 Kg3 85. Kf5 Ra3 86. Nf4 Ra5+ 87. Ke4 Kg4 88. Ne6 Ra1 89. Ke5+ Kf3 90. Ng5+ Ke3 91. Rd5 Ra8 92. Rb5 Ra1 93. Rb3+ Kd2 94. Ne4+ Kc2 95. Rh3 Ra4 96. Rh2+ Kc1 97. Nc5 Ra8 98. Kd4 Rc8 99. Ne4 Rd8+ 100. Ke3 Re8 101. Ra2 Kd1 102. Ra4 (102. Kf4 {seems wilder.} Rf8+ 103. Kg5 Kc1 104. Nd2 Rc8 105. Ne4) 102... Kc2 103. Rc4+ Kb3 104. Rc7 Kb4 105. Rd7 Kb5 106. Kd4 Kc6 107. Rd6+ Kc7 108. Rh6 Ra8 109. Kd5 Ra1 110. Nc3 Rg1 111. Kc5 Kd7 112. Ne4 Rc1+ 113. Kd5 Rd1+ 114. Ke5 Kc7 115. Nc3 Rc1 116. Nd5+ Kb7 117. Rb6+ Ka7 118. Kd6 Rh1 119. Rb2 Rh5 120. Nc7 Rh6+ 121. Kc5 Rh5+ 122. Kc6 {White really could win this. Accuracy: White = 75%, Black = 67%.} 1/2-1/2